000 00419nam a2200181Ia 4500
001 15797
005 20260306170222.0
008 260306t2012||||xx |||||||||||||| ||und||
041 _aESP
082 _a620.11
_bA174 2012
100 _aAskeland, Donald R.
_eAUT
245 0 _aCiencia e ingenierĂ­a de materiales
260 _c2012
300 _a
_c
650 _aGEN
654 _aCIA
942 _cLIB
_dJUS
_fJUS
_2ddc
_n
999 _c15797
_d15797